Tuan Danial

Bibliographic Details
Main Author: Azizah Ami
Format: Book
Published: Selangor : Cute Publication , 2016
Subjects:

MARC

LEADER 00000cam a2200000 7i4500
001 0000076994
005 20171210.0
008 171210
020 |a 9789670883151 
041 0 |a Malay 
090 0 0 |a AZI   |b MAL 
100 0 |a Azizah Ami 
245 0 0 |a Tuan Danial   |c Azizah Ami 
260 |a Selangor :   |b Cute Publication ,   |c 2016 
300 |a 416p. :   |b 18.5cm 
500 |a Novel Malay 
541 0 0 |c Purchased on 2017 
650 0 |a Malay fiction 
999 |a 0001489536   |b Book   |c Adult Collection   |e Cawangan Taman Universiti 
999 |a 0001489537   |b Book   |c Adult Collection   |e Cawangan Sri Merlong 
999 |a 0001489538   |b Book   |c Adult Collection   |e Cawangan Tmn. Ungku Tun Aminah 
999 |a 0001489539   |b Book   |c Adult Collection   |e Cawangan Muar 
999 |a 0001489541   |b Book   |c Adult Collection   |e Cawangan Mersing 
999 |a 0001489542   |b Book   |c Adult Collection   |e Cawangan Taman Sri Lambak 
999 |a 0001489543   |b Book   |c Adult Collection   |e Cawangan Bukit Gambir 
999 |a 0001489544   |b Book   |c Adult Collection   |e Cawangan Kota Tinggi 
999 |a 0001489545   |b Book   |c Adult Collection   |e Cawangan Tangkak 
999 |a 0001489546   |b Book   |c Adult Collection   |e Cawangan Bandar Penawar 
999 |a 0001489548   |b Book   |c Adult Collection   |e Cawangan Segamat 
999 |a 0001489549   |b Book   |c Adult Collection   |e Cawangan Batu Pahat 
999 |a 0001489863   |b Book   |c Adult Collection   |e Perbadanan Perpustakaan Awam Johor 
999 |a 0001489864   |b Book   |c Adult Collection   |e Cawangan AEON Kulaijaya